LEADER 01198cam2 22003011 450 001 SOBE00019632 005 20160215145919.0 100 $a20111116d1821 |||||ita|0103 ba 101 $alat 102 $aIT 200 0 $a1 210 $aAugustae Taurinorum$cex typis Iosephi Pomba$d1821 215 $aCIV, 293, [94] p.$c[1] c. di tav. $d25 cm 225 2 $aCollectio latinorum scriptorum cum notis 410 1$1001SOBE00019441$12001 $a*Collectio latinorum scriptorum cum notis 461 1$1001SOBE00019630$12001 $a<>Carmina quae exstant omnia / ex recensione F. Wunderlichii cum notis G. Heyne. tomus primus [-secundus] 700 1$aTibullus$b, Albius$3A600200032816$4070$0161758 702 1$aWunderlich, Friedrich$3SOBA00001600$4070 702 1$aHeyne, Christian Gottlob$3SOBA00001599$4070 801 0$aIT$bUNISOB$c20160215$gRICA 850 $aUNISOB 852 $aUNISOB$j090|Coll|1|K$m2855 912 $aSOBE00019632 940 $aM 103 Monografia antica SBN 941 $aW 957 $a090|Coll|1|K$b000006$i-1$fConsultabile previa autorizzazione$gNO$d2855$1bethb$2UNISOB$3UNISOB$420111116110444.0$520120404130102.0$6bethb 996 $a1$91720145 997 $aUNISOB